[Event "Ruhrgebiet Verbandsklasse Gruppe 3 1617"]
[Site "Germany"]
[Date "2017.02.19"]
[Round "7.1"]
[White "Bree, Thomas"]
[Black "Viebahn, Dirk"]
[Result "1/2-1/2"]
[WhiteElo "2013"]
[BlackElo "2123"]
[PlyCount "97"]
[EventDate "2016.09.04"]
[EventType "team-tourn"]
[EventRounds "9"]
[EventCountry "GER"]
[SourceTitle "EXT 2022"]
[Source "ChessBase"]
[SourceDate "2021.10.06"]
[SourceVersion "1"]
[SourceVersionDate "2021.10.06"]
[SourceQuality "1"]
[WhiteTeam "Brackel SF III"]
[BlackTeam "Muelheim SC"]
[WhiteTeamCountry "GER"]
[BlackTeamCountry "GER"]

1. d4 Nf6 2. Bg5 d5 3. e3 Nbd7 4. Nf3 e6 5. Nbd2 Be7 6. Bd3 h6 7. Bf4 c5 8. c3 b6 9. Ne5 Nxe5 10. Bxe5 Bd7 11. 0-0 a6 12. Qe2 0-0 13. e4 dxe4 14. Nxe4 Bc6 15. Bxf6 Bxf6 16. Nxf6+ Qxf6 17. dxc5 Qg5 18. Be4 Bxe4 19. Qxe4 Qxc5 20. Rfd1 Rad8 21. Qe2 b5 22. Rd2 Rxd2 23. Qxd2 Qc4 24. a3 Qb3 25. Re1 a5 26. h3 Rb8 27. Re4 Qa2 28. Rd4 Qb1+ 29. Kh2 Qf5 30. g3 Qc5 31. Kg1 Qf5 32. h4 Rf8 33. Qd3 Qxd3 34. Rxd3 Rc8 35. Rd7 Rc5 36. Ra7 a4 37. Ra8+ Kh7 38. Rd8 g5 39. hxg5 hxg5 40. Kf1 Kg6 41. Ke2 Re5+ 42. Kf3 Rf5+ 43. Kg2 Rc5 44. Rd4 f5 45. Kf3 Kf6 46. Rb4 g4+ 47. Ke3 Re5+ 48. Kd3 Rd5+ 49. Ke3 1/2-1/2

[Event "Ruhrgebiet Verbandsliga Gruppe 2 1415"]
[Site "Germany"]
[Date "2015.03.29"]
[Round "8.1"]
[White "Bree, Thomas"]
[Black "Henrichs, Wenke"]
[Result "1/2-1/2"]
[WhiteElo "2109"]
[BlackElo "2053"]
[PlyCount "82"]
[EventDate "2014.09.21"]
[EventType "team-tourn"]
[EventRounds "9"]
[EventCountry "GER"]
[SourceTitle "EXT 2022"]
[Source "ChessBase"]
[SourceDate "2021.10.06"]
[SourceVersion "1"]
[SourceVersionDate "2021.10.06"]
[SourceQuality "1"]
[WhiteTeam "Brackel SF II"]
[BlackTeam "Wattenscheid SV III"]
[WhiteTeamCountry "GER"]
[BlackTeamCountry "GER"]

1. d4 e6 2. Nf3 f5 3. h3 Nf6 4. g4 d5 5. Bf4 c5 6. gxf5 exf5 7. e3 Nc6 8. dxc5 Bxc5 9. c3 0-0 10. Rg1 Kh8 11. Nbd2 Nh5 12. Nb3 Bb6 13. Bg5 Qe8 14. Be2 f4 15. Nfd4 fxe3 16. fxe3 Nf6 17. h4 Ne5 18. Qc2 Nc4 19. Bxc4 dxc4 20. Nd2 Bg4 21. Nxc4 Bh5 22. Qg2 Bxd4 23. cxd4 Ne4 24. Bf4 Qe7 25. Bg5 Qb4+ 26. Nd2 Qxb2 27. Rb1 Qxd2+ 28. Qxd2 Nxd2 29. Kxd2 Rf2+ 30. Kc3 Rc8+ 31. Kd3 Be2+ 32. Ke4 Re8+ 33. Kd5 Bf3+ 34. Kd6 Rxa2 35. Ra1 Rc2 36. Rxa7 h6 37. Bf4 Rc6+ 38. Kd7 Rce6 39. Be5 R8e7+ 40. Kd8 Re8+ 41. Kd7 R8e7+ 1/2-1/2

[Event "NRW Verbandsliga Group2 1314"]
[Site "Nordrheinwestfalen"]
[Date "2013.11.03"]
[Round "3.2"]
[White "Zeldin, Leonid"]
[Black "Bree, Thomas"]
[Result "1/2-1/2"]
[WhiteElo "2014"]
[BlackElo "2116"]
[PlyCount "65"]
[EventDate "2013.09.08"]
[EventType "team-tourn"]
[EventRounds "9"]
[EventCountry "GER"]
[SourceTitle "EXT 2020"]
[Source "ChessBase"]
[SourceDate "2019.10.17"]
[SourceVersion "1"]
[SourceVersionDate "2019.10.17"]
[SourceQuality "1"]
[WhiteTeam "Bochum SG III"]
[BlackTeam "Brackel SF II"]
[WhiteTeamCountry "GER"]
[BlackTeamCountry "GER"]

1. g3 g6 2. Bg2 Bg7 3. Nf3 d6 4. d4 Bg4 5. 0-0 Nc6 6. c3 Nf6 7. Nbd2 0-0 8. h3 Bxf3 9. Nxf3 e6 10. Bf4 Rb8 11. Qd2 Ne7 12. Bh6 Nf5 13. Bxg7 Kxg7 14. g4 Ne7 15. Nh2 c6 16. g5 Nd7 17. e4 Qb6 18. Kh1 f5 19. exf5 Nxf5 20. Rae1 e5 21. Be4 d5 22. dxe5 dxe4 23. Qxd7+ Rf7 24. Qd2 Rd8 25. Qf4 Ne7 26. Qxe4 Qxb2 27. e6 Rf5 28. Qe3 Qxa2 29. Rd1 Rxd1 30. Rxd1 Rd5 31. Re1 Qc4 32. Ng4 Qc5 33. Qf4 1/2-1/2

[Event "Ruhrgebiet VL2 0910"]
[Site "Germany"]
[Date "2010.04.18"]
[Round "9.2"]
[White "Boehm, Ingo"]
[Black "Bree, Thomas"]
[Result "1/2-1/2"]
[WhiteElo "2111"]
[BlackElo "2233"]
[PlyCount "36"]
[EventDate "2009.09.06"]
[EventType "team-tourn"]
[EventRounds "9"]
[EventCountry "GER"]
[SourceTitle "EXT 2011"]
[Source "ChessBase"]
[SourceDate "2010.11.26"]
[SourceVersion "1"]
[SourceVersionDate "2010.11.26"]
[SourceQuality "1"]
[WhiteTeam "Linden"]
[BlackTeam "Brackel II"]
[WhiteTeamCountry "GER"]
[BlackTeamCountry "GER"]

1. e4 d5 2. exd5 Qxd5 3. Nc3 Qd6 4. Bc4 Nf6 5. h3 a6 6. d3 b5 7. Bb3 Bb7 8. Nf3 Nbd7 9. Qe2 Nc5 10. Bg5 Nxb3 11. axb3 h6 12. Bh4 Nh5 13. Ne4 Qb6 14. Ne5 Nf6 15. Rd1 g5 16. Bg3 Bg7 17. 0-0 Rd8 18. Nxf6+ Bxf6 1/2-1/2

[Event "Ruhrgebiet VL2 0910"]
[Site "Germany"]
[Date "2010.01.10"]
[Round "5.2"]
[White "Bree, Thomas"]
[Black "Lindam, Ingo"]
[Result "1-0"]
[WhiteElo "2233"]
[BlackElo "2068"]
[PlyCount "57"]
[EventDate "2009.09.06"]
[EventType "team-tourn"]
[EventRounds "9"]
[EventCountry "GER"]
[SourceTitle "EXT 2011"]
[Source "ChessBase"]
[SourceDate "2010.11.26"]
[SourceVersion "1"]
[SourceVersionDate "2010.11.26"]
[SourceQuality "1"]
[WhiteTeam "Brackel II"]
[BlackTeam "Dortmund FS 98"]
[WhiteTeamCountry "GER"]
[BlackTeamCountry "GER"]

1. d4 d5 2. Nf3 c5 3. c4 dxc4 4. d5 Nf6 5. Nc3 a6 6. e4 b5 7. e5 b4 8. exf6 bxc3 9. bxc3 Qa5 10. Bd2 exf6 11. Qe2+ Kd8 12. Qxc4 Bd6 13. Be2 Re8 14. 0-0 Nd7 15. Rfe1 Bb7 16. Qd3 c4 17. Qxh7 Kc7 18. Bxc4 Rh8 19. Qd3 g5 20. h3 g4 21. hxg4 Rag8 22. Rab1 Nc5 23. Qd4 Kc8 24. Qxf6 Qc7 25. Qf5+ Nd7 26. Bd3 Rg7 27. c4 Rgh7 28. Qxh7 Rxh7 29. Re8+ 1-0

[Event "Ruhrgebiet VL2 0910"]
[Site "Germany"]
[Date "2009.12.06"]
[Round "4.2"]
[White "Zemskyi, Evgen"]
[Black "Bree, Thomas"]
[Result "0-1"]
[WhiteElo "1906"]
[BlackElo "2233"]
[PlyCount "52"]
[EventDate "2009.09.06"]
[EventType "team-tourn"]
[EventRounds "9"]
[EventCountry "GER"]
[SourceTitle "EXT 2011"]
[Source "ChessBase"]
[SourceDate "2010.11.26"]
[SourceVersion "1"]
[SourceVersionDate "2010.11.26"]
[SourceQuality "1"]
[WhiteTeam "Horst Emscher II"]
[BlackTeam "Brackel II"]
[WhiteTeamCountry "GER"]
[BlackTeamCountry "GER"]

1. d4 Nf6 2. Nf3 c5 3. c4 e6 4. d5 b5 5. dxe6 fxe6 6. cxb5 d5 7. e3 Bd6 8. Nc3 Bb7 9. Be2 0-0 10. Ng5 Qe7 11. Bg4 Nxg4 12. Qxg4 h6 13. Qxe6+ Qxe6 14. Nxe6 Re8 15. Nxc5 Bxc5 16. 0-0 Nd7 17. Na4 Bb4 18. a3 Bd6 19. Bd2 Re4 20. Nc3 Rc4 21. b3 Rc5 22. a4 Be5 23. Rac1 Rac8 24. Na2 Rc2 25. Bc3 Rxa2 26. Bxe5 Nxe5 0-1

[Event "Ruhrgebiet VL2 0910"]
[Site "Germany"]
[Date "2009.10.25"]
[Round "3.2"]
[White "Bree, Thomas"]
[Black "Banik, Thorsten"]
[Result "1-0"]
[WhiteElo "2233"]
[BlackElo "2124"]
[PlyCount "143"]
[EventDate "2009.09.06"]
[EventType "team-tourn"]
[EventRounds "9"]
[EventCountry "GER"]
[SourceTitle "EXT 2011"]
[Source "ChessBase"]
[SourceDate "2010.11.26"]
[SourceVersion "1"]
[SourceVersionDate "2010.11.26"]
[SourceQuality "1"]
[WhiteTeam "Brackel II"]
[BlackTeam "Ickern"]
[WhiteTeamCountry "GER"]
[BlackTeamCountry "GER"]

1. d4 Nf6 2. Bg5 e6 3. e4 h6 4. Bxf6 Qxf6 5. c3 b6 6. Nd2 Bb7 7. Bd3 d6 8. Qe2 Nd7 9. 0-0-0 g5 10. Nh3 Be7 11. Rhf1 Qg7 12. f4 0-0-0 13. Ba6 g4 14. Ng1 f5 15. Bxb7+ Kxb7 16. exf5 exf5 17. Qb5 Qf7 18. Nc4 Nb8 19. Qb3 Rhf8 20. Rfe1 Bh4 21. g3 Bf6 22. Re2 d5 23. Ne5 Bxe5 24. dxe5 Qe6 25. Red2 c6 26. Ne2 Na6 27. Nd4 Qg6 28. Qa3 Nc5 29. Rc2 Rfe8 30. b4 Ne6 31. Qb3 Nxd4 32. Rxd4 b5 33. a4 a6 34. Ra2 h5 35. Rdd2 h4 36. Ra1 hxg3 37. hxg3 Ra8 38. Kb2 Rh8 39. axb5 axb5 40. Rxa8 Kxa8 41. Kb1 Kb7 42. Qc2 Rh3 43. Qd3 Rh1+ 44. Kb2 Qg8 45. Rd1 Rh2+ 46. Rd2 Rh1 47. Qe2 Qa8 48. Rd1 Rxd1 49. Qxd1 Qe8 50. Qh1 Qe6 51. Qh7+ Kc8 52. Qh8+ Kd7 53. Qf8 Kc7 54. Qc5 Kb7 55. Kc2 Qh6 56. Qe7+ Ka6 57. Qd7 Qh2+ 58. Kb3 Qh1 59. Qxc6+ Ka7 60. Qc7+ Ka6 61. Qa5+ Kb7 62. Qxb5+ Kc7 63. Qc5+ Kb7 64. Qe7+ Kc6 65. Qd6+ Kb5 66. Qc5+ Ka6 67. b5+ Kb7 68. Qc6+ Kb8 69. Kb4 Qb1+ 70. Kc5 Qg1+ 71. Kd6 Qxg3 72. b6 1-0

[Event "Budapest FS10 IM-A"]
[Site "Budapest"]
[Date "2000.10.16"]
[Round "10"]
[White "Resika, Nathan A"]
[Black "Bree, Thomas"]
[Result "1-0"]
[WhiteElo "2267"]
[BlackElo "2252"]
[PlyCount "56"]
[EventDate "2000.10.07"]
[EventType "tourn"]
[EventRounds "11"]
[EventCountry "HUN"]
[EventCategory "2"]
[SourceTitle "CBM 078 Extra"]
[Source "ChessBase"]
[SourceDate "2000.11.10"]
[SourceVersion "1"]
[SourceVersionDate "2000.11.10"]
[SourceQuality "1"]

1. e4 d6 2. d4 Nf6 3. Nc3 c6 4. Nf3 Bg4 5. h3 Bh5 6. Qe2 Bxf3 7. Qxf3 e5 8. dxe5 dxe5 9. Bc4 b5 10. Bb3 Nbd7 11. 0-0 Nc5 12. Bg5 Be7 13. a4 b4 14. Ne2 h6 15. Rfd1 Qc7 16. Bxf6 Bxf6 17. Ng3 Nb7 18. Nf5 Rd8 19. Rxd8+ Kxd8 20. Rd1+ Kc8 21. Nxg7 Bxg7 22. Qg4+ Kb8 23. Qxg7 Rd8 24. Rxd8+ Nxd8 25. Qxh6 Qd7 26. Qf6 Qd4 27. c3 bxc3 28. bxc3 Qb6 1-0

[Event "Budapest FS10 IM-A"]
[Site "Budapest"]
[Date "2000.10.14"]
[Round "8"]
[White "Eperjesi, Laszlo"]
[Black "Bree, Thomas"]
[Result "1-0"]
[WhiteElo "2370"]
[BlackElo "2252"]
[PlyCount "87"]
[EventDate "2000.10.07"]
[EventType "tourn"]
[EventRounds "11"]
[EventCountry "HUN"]
[EventCategory "2"]
[SourceTitle "CBM 078 Extra"]
[Source "ChessBase"]
[SourceDate "2000.11.10"]
[SourceVersion "1"]
[SourceVersionDate "2000.11.10"]
[SourceQuality "1"]

1. d4 d6 2. Nf3 Bg4 3. c4 Bxf3 4. exf3 Nd7 5. Be2 g6 6. 0-0 Bg7 7. Nc3 Nh6 8. g4 e6 9. Be3 f5 10. Re1 0-0 11. g5 Nf7 12. f4 c6 13. Qd2 Qc7 14. Rad1 Rad8 15. h4 Rfe8 16. h5 Nf8 17. h6 Bh8 18. Qc1 e5 19. d5 c5 20. Kg2 Rd7 21. Bf1 Qd8 22. fxe5 dxe5 23. f4 b6 24. a3 Nd6 25. b4 exf4 26. Bxf4 Ne4 27. Nxe4 fxe4 28. Kh1 Rf7 29. Bh3 Bd4 30. Re2 e3 31. Rf1 Qe7 32. d6 Qe4+ 33. Bg2 Qd3 34. Ree1 e2 35. Rf3 Qe4 36. Rf2 Qd3 37. Rf3 Qe4 38. Qd2 Rf5 39. Rf2 Be3 40. Bxe4 Bxd2 41. Rexe2 Rxf4 42. Rxf4 Bxf4 43. Bd5+ Ne6 44. d7 1-0

[Event "Budapest FS10 IM-A"]
[Site "Budapest"]
[Date "2000.10.11"]
[Round "5"]
[White "Bree, Thomas"]
[Black "Farago, Sandor"]
[Result "0-1"]
[WhiteElo "2252"]
[BlackElo "2292"]
[PlyCount "82"]
[EventDate "2000.10.07"]
[EventType "tourn"]
[EventRounds "11"]
[EventCountry "HUN"]
[EventCategory "2"]
[SourceTitle "CBM 078 Extra"]
[Source "ChessBase"]
[SourceDate "2000.11.10"]
[SourceVersion "1"]
[SourceVersionDate "2000.11.10"]
[SourceQuality "1"]

1. d4 Nf6 2. Bg5 c5 3. Bxf6 exf6 4. e3 d5 5. Nc3 Be6 6. Nge2 Nc6 7. g3 cxd4 8. exd4 Bd6 9. Bg2 Bc7 10. Qd2 0-0 11. 0-0 Rc8 12. Nd1 Qd7 13. Ne3 Rfd8 14. c3 Ne7 15. Nc1 b6 16. Re1 h5 17. Nd3 h4 18. Qe2 a5 19. Rad1 Nf5 20. Nxf5 Bxf5 21. Bf3 Re8 22. Qd2 Bg4 23. Bxg4 Qxg4 24. Rxe8+ Rxe8 25. Re1 Re4 26. Rxe4 dxe4 27. Ne1 f5 28. Ng2 h3 29. Ne3 Qg5 30. Qe2 g6 31. Nf1 Kg7 32. Qc4 Bf4 33. Qe2 b5 34. b3 Bc1 35. c4 bxc4 36. bxc4 Qf6 37. Qc2 Bg5 38. Qc3 f4 39. c5 e3 40. fxe3 fxe3 41. Qb2 Qf3 0-1

[Event "Budapest FS10 IM-A"]
[Site "Budapest"]
[Date "2000.10.07"]
[Round "1"]
[White "Spaan, Nathanael"]
[Black "Bree, Thomas"]
[Result "0-1"]
[WhiteElo "2268"]
[BlackElo "2252"]
[PlyCount "120"]
[EventDate "2000.10.07"]
[EventType "tourn"]
[EventRounds "11"]
[EventCountry "HUN"]
[EventCategory "2"]
[SourceTitle "CBM 078 Extra"]
[Source "ChessBase"]
[SourceDate "2000.11.10"]
[SourceVersion "1"]
[SourceVersionDate "2000.11.10"]
[SourceQuality "1"]

1. e4 d6 2. d4 Nf6 3. Nc3 c6 4. Nf3 Bg4 5. Be2 e6 6. 0-0 Be7 7. h3 Bh5 8. d5 Bxf3 9. Bxf3 cxd5 10. exd5 e5 11. Be3 0-0 12. Qd2 Nbd7 13. Rfd1 Ne8 14. Be2 f5 15. f4 exf4 16. Bxf4 Bf6 17. Nb5 Bxb2 18. Rab1 Be5 19. Bxe5 Nxe5 20. Nd4 Rf7 21. Ne6 Qc8 22. Rb3 Nf6 23. Rc3 Qb8 24. Bf3 a6 25. Qd4 b5 26. Rb1 Qa7 27. Qxa7 Rfxa7 28. Nd4 g6 29. Rd1 Re8 30. Kf1 Nc4 31. Ne6 Rc8 32. Kg1 b4 33. Rb3 a5 34. g4 Ne5 35. gxf5 gxf5 36. Rd2 a4 37. Rg2+ Kh8 38. Re3 f4 39. Nxf4 Rc3 40. Rxc3 bxc3 41. Be2 Ne4 42. h4 Rb7 43. Ne6 Rb2 44. Rg7 Rxc2 45. Rc7 h6 46. Bh5 Nf6 47. Rc8+ Ng8 48. Nf4 Rxa2 49. Rxc3 Rd2 50. Rc7 Rd4 51. Bg6 Nf6 52. Rc8+ Ng8 53. Rc7 Rd1+ 54. Kg2 Nf6 55. h5 Nxd5 56. Rc8+ Kg7 57. Ne6+ Kf6 58. Nf8 Nf4+ 59. Kf2 Nexg6 60. hxg6 Nxg6 0-1

[Event "Oberliga NRW 0001 II"]
[Site "NRW"]
[Date "2000.09.24"]
[Round "1.6"]
[White "Bree, Thomas"]
[Black "Kohlhage, Juergen"]
[Result "1-0"]
[WhiteElo "2252"]
[BlackElo "1993"]
[PlyCount "53"]
[EventDate "2000.09.24"]
[EventType "team-tourn"]
[EventRounds "9"]
[EventCountry "GER"]
[SourceTitle "EXT 2006"]
[Source "ChessBase"]
[SourceDate "2005.11.24"]
[SourceVersion "1"]
[SourceVersionDate "2005.11.24"]
[SourceQuality "1"]
[WhiteTeam "Brackel"]
[BlackTeam "Schwerte"]
[WhiteTeamCountry "GER"]
[BlackTeamCountry "GER"]

1. d4 d5 2. Nf3 Nf6 3. c4 e6 4. Nc3 Be7 5. Bf4 c6 6. e3 0-0 7. Qc2 Nbd7 8. h3 Qa5 9. Nd2 Bb4 10. Bd3 Re8 11. 0-0 e5 12. Bh2 e4 13. Be2 Bxc3 14. bxc3 Nf8 15. Rab1 dxc4 16. Nxc4 Qg5 17. Kh1 b5 18. Nd6 Re6 19. c4 Ng6 20. cxb5 Nh4 21. Rg1 Rxd6 22. Bxd6 Bxh3 23. gxh3 Qf5 24. bxc6 Qxh3+ 25. Bh2 Nf3 26. Bxf3 Qxf3+ 27. Rg2 1-0

[Event "Ruhrgebiet VK2 9900"]
[Site "Ruhrgebiet"]
[Date "2000.03.19"]
[Round "7"]
[White "Matzat, Andre"]
[Black "Bree, Thomas"]
[Result "0-1"]
[WhiteElo "1944"]
[BlackElo "2184"]
[PlyCount "56"]
[EventDate "1999.09.19"]
[EventType "team-tourn"]
[EventRounds "9"]
[EventCountry "GER"]
[SourceTitle "EXT 2024"]
[Source "ChessBase"]
[SourceDate "2023.10.10"]
[SourceVersion "1"]
[SourceVersionDate "2023.10.10"]
[SourceQuality "1"]

1. c4 g6 2. Nc3 Bg7 3. d4 d6 4. e4 Nc6 5. Be3 e5 6. Nge2 Nh6 7. h3 f5 8. dxe5 Nxe5 9. Nf4 fxe4 10. Nxe4 Nf5 11. Bd2 0-0 12. Be2 Nd4 13. Be3 Nxe2 14. Qxe2 Bf5 15. Ng3 Bd7 16. 0-0 Qh4 17. Nd5 c6 18. Nc3 Qxc4 19. Qd2 d5 20. Rac1 Qd3 21. Qxd3 Nxd3 22. Rc2 b6 23. Nge2 Rae8 24. Rd2 Ne5 25. b3 Bxh3 26. gxh3 Nf3+ 27. Kg2 Nxd2 28. Bxd2 d4 0-1